00259nam a2200097Ia 4500008004100000245003400041260000900075300003200084440002400116650002100140180117s9999 xx 000 0 und d aThis Week in Arts And Culture c2015 a6-8 pages, 2015 December 20 aPhilippine Panorama aARTS AND CULTURE